Design and Fabrication of Metal oxide Nanocomposites for Efficient Catalytic Degradation and Transformation of the Organophosphate Pesticide, Profenofos/ (Record no. 615744)

000 -LEADER
fixed length control field 00580nam a22001577a 4500
003 - CONTROL NUMBER IDENTIFIER
control field NUST
038 ## - RECORD CONTENT LICENSOR
Staff Name Nusrat Nadeem
082 ## - DEWEY DECIMAL CLASSIFICATION NUMBER
Classification number 200
100 ## - MAIN ENTRY--PERSONAL NAME
Personal name Ullah, Sharif
245 ## - TITLE STATEMENT
Title Design and Fabrication of Metal oxide Nanocomposites for Efficient Catalytic Degradation and Transformation of the Organophosphate Pesticide, Profenofos/
Statement of responsibility, etc. Sharif Ullah
264 ## - PRODUCTION, PUBLICATION, DISTRIBUTION, MANUFACTURE, AND COPYRIGHT NOTICE
Place of production, publication, distribution, manufacture Islamabad:
Name of producer, publisher, distributor, manufacturer SNS NUST.
Date of production, publication, distribution, manufacture, or copyright notice 2025.
650 ## - SUBJECT ADDED ENTRY--TOPICAL TERM
Topical term or geographic name entry element PhD-Chemistry
700 ## - ADDED ENTRY--PERSONAL NAME
Personal name Supervisor: Prof. Dr. Habib Nasir
856 ## - ELECTRONIC LOCATION AND ACCESS
Uniform Resource Identifier <a href="http://10.250.8.41:8080/xmlui/handle/123456789/57054">http://10.250.8.41:8080/xmlui/handle/123456789/57054</a>
942 ## - ADDED ENTRY ELEMENTS (KOHA)
Source of classification or shelving scheme
Koha item type Soft Copy
Holdings
Withdrawn status Permanent Location Current Location Shelving location Date acquired Full call number Barcode Koha item type
  Central Library (CL) Central Library (CL) Thesis 01/01/2026 200 CLPT-786 Soft Copy
© 2023 Central Library, National University of Sciences and Technology. All Rights Reserved.